แสดงรายละเอียดบรรณานุกรม
  กลับหน้าหลัก

Brief Record : Get Marc (ISO 2709) : E-mail record : QR code ปิดหน้าต่าง
E-books : เกี่ยวกับ Collections
LEADER 00000nam 2200000uu 4500
001    213528
003     ULIBM
008    020711s2564 th a 000 0 tha d
020    97861658623499
041    ^atha^beng
060  4 WY150 ฐ329ก 2564
100    ฐิตาพร วรภัณฑ์วิศิษฎ์
245    การพยาบาลผู้ป่วยที่มีภาวะความดันในกระโหลกศรีษะสูง: มิติการพยาบาลโดยใช้หลักฐานเชิงประจักษ์=^bNursing care of increased intracranial pressure: a dimension of evidence based nursing practice/^cฐิตาพร วรภัณฑ์วิศิษฎ์
246 31 ^aNursing care of increased intracranial pressure: a dimension of evidence based nursing practice
250    พิมพ์ครั้งที่ 1
260    สุราษฏร์ธานี :^bวิทยาลัยพยาบาลบรมราชชนนี สุราษฏร์ธานี,^c2564
300    154 หน้า :^bภาพประกอบ ;^c21 ซม.
650  4 การพยาบาลผู้ป่วยวิกฤต
650  4 ^aความดันในกระโหลกศรีษะ
999    ^aใช้งานได้ทุกระบบ
รายการนี้ยังไม่มีแท็ก
คุณยังไม่ได้ล็อกอิน คุณสามารถมีกิจกรรมร่วมกับเว็บไซต์ได้ แต่ต้องล็อกอินก่อน ::
  ล็อกอิน
ลำดับที่ ประเภท เลขเรียก สถานที่ สถานะ
1. การพยาบาล (ตำราหลัก)
การพยาบาล (ตำราหลัก)
WY150 ฐ329ก 2564 ฉ.1 
  
การพยาบาลผู้สูงอายุ On Shelf
  ขอยืม
   [แสดง 1/1 รายการ]

รายการใกล้เคียง
    หัวเรื่อง [การพยาบาลผู้ป่วยวิกฤต]

BibComment


ยังไม่เคยถูกคอมเมนท์

คอมเมนท์ทรัพยากรรายการนี้
  คอมเมนท์: การพยาบาลผู้ป่วยท..
Bib 213528

 
 
 

 Union Library Management : ULibM
Copyright 2026. All Rights Reserved.
скачать бесплатно без регистрации порно красивый секс HD Sex Hindi sex

xxx gou

xxxx

bfxxx

xxxwww

Секса Видео

xxxx

Секса Видео

detube

geilexxx

C99 Shell

worms shell

blod xxx video
Ebony Coed Rihanna Rimes Takes A Dick In Her Young Twat priyaa indian fuck anal and pusssy hardcore indian women xxx desi hardcore fucking part 1 bengalixxxcouple